00750nam a2200229 a 450000100060000000300080000600500170001400800410003103500190007204000270009104100080011808200290012610000220015524500940017726000580027130000350032935000100036450400310037465000330040565000310043870000510046958166BD-RjUL20211209080607.0690829s1969 enka b 001 0 eng  a(BD-RjUL)58290 aDLCcDLCdBD-RjULbeng aeng00a331.110973223bBOE 19691 aBowen, William G.14aThe economics of labor force participation /cby William G. Bowen and T. Aldrich Finegan. aPrinceton, N.J.:bPrinceton University Press,cc1969. axxvi, 897 p. :bill. ;c25 cm. a18.50 aBibliographical footnotes. 0aLabor supplyzUnited States. 0aUnemployedzUnited States.1 aFinegan, Thomas Aldrich,d1929-ejoint author.